000 00938nam0a22003011 4500
001 RU\NLR\BIBL_A\022495043
005 20250806203558.0
035 _a(NLR Aleph) 022495043
090 _a85321
_c85321
100 _a20250310d1945 u y0rusy50 ca
101 0 _abel
102 _aBY
105 _aa z 000gy
181 0 _ai3
_baxxe
182 0 _an
200 1 _aВершы для дзяцей
_fЯкуб Колас
203 _aТекст
_bвизуальный
_cнепосредственный
210 _aМінск
_cДзяржаўнае выд-ва БССР
_d1945
215 _a40 с.
_cил.
_d20
700 1 _aКолас
_bЯ.
_f1882-1956
_gЯкуб
_3RU\NLR\AUTH\7710311
852 _aNLR
_jДл02 Г-4/370
899 _aНБ Беларуси
942 _cBOOK
945 _aРоссийская национальная библиотека
980 _aBV
980 _aBEL